| 000 | 00413cam a2200169ua 4500 | ||
|---|---|---|---|
| 020 | _c2.50 | ||
| 041 |
_amal _h |
||
| 082 |
_a928.94812 _bGOR/PA |
||
| 100 | _aGorkey, Maxim . | ||
| 245 |
_aParisheelanam, Part 2 / _cMaxim Gorkey. _hTextual Documents |
||
| 260 |
_aEranakulam : _bPrabhath Book House , _c1957. |
||
| 300 | _a259 ; . | ||
| 365 | _a2.50 | ||
| 504 | _a | ||
| 942 | _cBK | ||
| 999 |
_c6003 _d6003 |
||